Encyclopedia of World Architecture (Record no. 8702)

MARC details
000 -LEADER
fixed length control field 00224nam a2200097 4500
100 ## - MAIN ENTRY--AUTHOR NAME
Personal name Fergusson, James
245 ## - TITLE STATEMENT
Title Encyclopedia of World Architecture
260 ## - PUBLICATION, DISTRIBUTION, ETC. (IMPRINT)
Place of publication India:
Name of publisher Aryan Books,
Year of publication 1998.
300 ## - PHYSICAL DESCRIPTION
Number of Pages 347p. ;
942 ## - ADDED ENTRY ELEMENTS (KOHA)
Koha item type Books
Holdings
Withdrawn status Lost status Collection code Home library Current library Date acquired Full call number Accession Number Koha item type
    Reference Reference Section Reference Section 12/08/2014 670.3FER (Shelf - 95C) 21973 Books
    Reference Reference Section Reference Section 12/08/2014 670.3FER (Shelf - 95C) 21974 Books
    Reference Reference Section Reference Section 12/08/2014 670.3FER (Shelf - 95C) 21975 Books
    Reference Reference Section Reference Section 12/08/2014 670.3FER (Shelf - 95C) 21976 Books
    Reference Reference Section Reference Section 12/08/2014 670.3FER (Shelf - 95C) 21977 Books